<?xml version="1.0" encoding="UTF-8"?>
<record
    xmlns:xsi="http://www.w3.org/2001/XMLSchema-instance"
    xsi:schemaLocation="http://www.loc.gov/MARC21/slim http://www.loc.gov/standards/marcxml/schema/MARC21slim.xsd"
    xmlns="http://www.loc.gov/MARC21/slim">

  <leader>02836nam a2200373 i 4500</leader>
  <controlfield tag="001">000008370</controlfield>
  <controlfield tag="003">DO-SdBNP</controlfield>
  <controlfield tag="005">20240521123644.0</controlfield>
  <controlfield tag="007">ta</controlfield>
  <controlfield tag="008">090916s2006    dr      r     000 j spa d</controlfield>
  <datafield tag="020" ind1=" " ind2=" ">
    <subfield code="a">9993442518</subfield>
  </datafield>
  <datafield tag="040" ind1=" " ind2=" ">
    <subfield code="a">DO-SdBNP</subfield>
    <subfield code="b">spa</subfield>
    <subfield code="c">BNPHU</subfield>
    <subfield code="e">rda</subfield>
  </datafield>
  <datafield tag="082" ind1=" " ind2="4">
    <subfield code="a">808.83</subfield>
    <subfield code="b">P977p 2006</subfield>
    <subfield code="2">22</subfield>
  </datafield>
  <datafield tag="245" ind1="0" ind2="0">
    <subfield code="a">Puente de palabras :</subfield>
    <subfield code="b">compilaci&#xF3;n de cuentos costarricenses y dominicanos /</subfield>
    <subfield code="c">compilaci&#xF3;n costarricense, Alexandra Mel&#xE9;ndez ; nota introductoria, Magda Zavala ; compilaci&#xF3;n dominicana y nota introductoria, Avelino Stanley ; presentaci&#xF3;n, Alejandro Arvelo.</subfield>
  </datafield>
  <datafield tag="264" ind1=" " ind2=" ">
    <subfield code="a">Santo Domingo :</subfield>
    <subfield code="b">Direcci&#xF3;n General de la Feria del Libro,</subfield>
    <subfield code="c">2006.</subfield>
  </datafield>
  <datafield tag="300" ind1=" " ind2=" ">
    <subfield code="a">198 p&#xE1;ginas ;</subfield>
    <subfield code="c">23 cm.</subfield>
  </datafield>
  <datafield tag="336" ind1=" " ind2=" ">
    <subfield code="2">rdacontent</subfield>
    <subfield code="a">texto</subfield>
    <subfield code="b">txt</subfield>
  </datafield>
  <datafield tag="337" ind1=" " ind2=" ">
    <subfield code="2">rdamedia</subfield>
    <subfield code="a">sin mediaci&#xF3;n</subfield>
    <subfield code="b">n</subfield>
  </datafield>
  <datafield tag="338" ind1=" " ind2=" ">
    <subfield code="2">rdacarrier</subfield>
    <subfield code="a">volumen</subfield>
    <subfield code="b">nc</subfield>
  </datafield>
  <datafield tag="490" ind1="0" ind2=" ">
    <subfield code="a">Ediciones Ferilibro</subfield>
    <subfield code="v">89</subfield>
  </datafield>
  <datafield tag="505" ind1="0" ind2=" ">
    <subfield code="t">Presentaci&#xF3;n /</subfield>
    <subfield code="r">Alejandro Arvelo --</subfield>
    <subfield code="t">Costa Rica -- Cuentos, relatos y pueblos /</subfield>
    <subfield code="r">Magda Zavala --</subfield>
    <subfield code="t">El secreto /</subfield>
    <subfield code="r">Julieta Pinto --</subfield>
    <subfield code="t">Met&#xE1;foras /</subfield>
    <subfield code="r">Samuel Rovinski --</subfield>
    <subfield code="t">Soy como un &#xE1;rbol /</subfield>
    <subfield code="r">Lara R&#xED;os --</subfield>
    <subfield code="t">El &#xFA;ltimo que se duerma /</subfield>
    <subfield code="r">Fernando Dur&#xE1;n Ayanegui --</subfield>
    <subfield code="t">Historias de las piedras que cantan /</subfield>
    <subfield code="r">Alfonso Chase Brenes --</subfield>
    <subfield code="t">La serpiente /</subfield>
    <subfield code="r">Eduardo Castillo Rojas --</subfield>
    <subfield code="t">Te hemos tra&#xED;do el mar /</subfield>
    <subfield code="r">Uriel Quesada --</subfield>
    <subfield code="t">La silla /</subfield>
    <subfield code="r">Rodrigo Soto --</subfield>
    <subfield code="t">El loco que irrumpi&#xF3; en la piedra virgen /</subfield>
    <subfield code="r">Adriana Hidalgo --</subfield>
    <subfield code="t">El hombre que llevaba su pa&#xED;s en un bolsillo /</subfield>
    <subfield code="r">Carlos Rubio --</subfield>
    <subfield code="t">Sin pena ni gloria /</subfield>
    <subfield code="r">Leonardo Garnier --</subfield>
    <subfield code="t">Tren interurbano /</subfield>
    <subfield code="r">Magda Zavala --</subfield>
    <subfield code="t">Ara&#xF1;itas verdes circulan por mis sienes /</subfield>
    <subfield code="r">Alfonso Pe&#xF1;a --</subfield>
    <subfield code="t">Rep&#xFA;blica Dominicana --</subfield>
    <subfield code="t">Por los trillos del cuento dominicano /</subfield>
    <subfield code="r">Avelino Stanley --</subfield>
    <subfield code="t">La mujer /</subfield>
    <subfield code="r">Juan Bosch --</subfield>
    <subfield code="t">M&#xE1;s all&#xE1; del espejo /</subfield>
    <subfield code="r">Virgilio D&#xED;az Grull&#xF3;n --</subfield>
    <subfield code="t">La ventana /</subfield>
    <subfield code="r">Hilma Contreras --</subfield>
    <subfield code="t">El gato /</subfield>
    <subfield code="r">Armando Alm&#xE1;nzar --</subfield>
    <subfield code="t">El enigma /</subfield>
    <subfield code="r">Di&#xF3;genes V&#xE1;ldez --</subfield>
    <subfield code="t">El fantasma de la calle El Conde /</subfield>
    <subfield code="r">Pedro Peix --</subfield>
    <subfield code="t">Una noche recibir&#xE1;s /</subfield>
    <subfield code="r">Rafael Garc&#xED;a Romero --</subfield>
    <subfield code="t">Masticar una rosa /</subfield>
    <subfield code="r">&#xC1;ngela Hern&#xE1;ndez --</subfield>
    <subfield code="t">Sonidos del silencio /</subfield>
    <subfield code="r">Luis Mart&#xED;n G&#xF3;mez --</subfield>
    <subfield code="t">Fin de mundo /</subfield>
    <subfield code="r">Aurora Arias --</subfield>
    <subfield code="t">Los tres soldados /</subfield>
    <subfield code="r">Manuel Garc&#xED;a Cartagena --</subfield>
    <subfield code="t">Olor a santidad /</subfield>
    <subfield code="r">Ligia Minaya --</subfield>
    <subfield code="t">El reino sin fin /</subfield>
    <subfield code="r">Pedro Antonio V&#xE1;ldez --</subfield>
    <subfield code="t">La segunda se&#xF1;al /</subfield>
    <subfield code="r">Nan Chevalier.</subfield>
  </datafield>
  <datafield tag="590" ind1=" " ind2=" ">
    <subfield code="a">Inventariado, 2024/VM</subfield>
  </datafield>
  <datafield tag="650" ind1=" " ind2="4">
    <subfield code="a">Cuentos dominicanos</subfield>
    <subfield code="v">Colecciones</subfield>
  </datafield>
  <datafield tag="650" ind1=" " ind2="4">
    <subfield code="a">Cuentos costarricenses</subfield>
    <subfield code="v">Colecciones</subfield>
  </datafield>
  <datafield tag="650" ind1=" " ind2="4">
    <subfield code="a">Escritores  latinoamericanos </subfield>
    <subfield code="v">Biograf&#xED;as </subfield>
  </datafield>
  <datafield tag="650" ind1=" " ind2="4">
    <subfield code="a"> </subfield>
  </datafield>
  <datafield tag="700" ind1="1" ind2=" ">
    <subfield code="a">Mel&#xE9;ndez, Alexandra,</subfield>
    <subfield code="e">compilaci&#xF3;n</subfield>
  </datafield>
  <datafield tag="700" ind1="1" ind2=" ">
    <subfield code="a">Stanley, Avelino,</subfield>
    <subfield code="d">1959-</subfield>
    <subfield code="e">compilaci&#xF3;n </subfield>
  </datafield>
  <datafield tag="700" ind1="1" ind2=" ">
    <subfield code="a">Zavala, Magda</subfield>
    <subfield code="e">nota introductoria</subfield>
  </datafield>
  <datafield tag="700" ind1="1" ind2=" ">
    <subfield code="a">Arvelo, Alejandro,</subfield>
    <subfield code="e">presentaci&#xF3;n</subfield>
  </datafield>
  <datafield tag="710" ind1="2" ind2=" ">
    <subfield code="a">Direcci&#xF3;n General de la Feria del Libro (Rep&#xFA;blica Dominicana)</subfield>
  </datafield>
  <datafield tag="910" ind1=" " ind2=" ">
    <subfield code="a">VMateo V. Control de calidad BPMSU</subfield>
  </datafield>
  <datafield tag="942" ind1=" " ind2=" ">
    <subfield code="2">ddc</subfield>
    <subfield code="c">BK</subfield>
  </datafield>
  <datafield tag="952" ind1=" " ind2=" ">
    <subfield code="0">0</subfield>
    <subfield code="1">0</subfield>
    <subfield code="2">ddc</subfield>
    <subfield code="4">0</subfield>
    <subfield code="7">0</subfield>
    <subfield code="8">CD</subfield>
    <subfield code="a">BPMET</subfield>
    <subfield code="b">BPMET</subfield>
    <subfield code="d">2024-02-12</subfield>
    <subfield code="l">0</subfield>
    <subfield code="o">BPMSU CD 808.83 P977p 2006</subfield>
    <subfield code="p">BPMSU24020024</subfield>
    <subfield code="r">2024-02-12</subfield>
    <subfield code="w">2024-02-12</subfield>
    <subfield code="y">BK</subfield>
  </datafield>
  <datafield tag="999" ind1=" " ind2=" ">
    <subfield code="c">14042</subfield>
    <subfield code="d">14042</subfield>
  </datafield>
</record>
